Lund Humphries desk book

Uloženo v:
Podrobná bibliografie
Médium: Kniha
Jazyk:angličtina
Vydáno: Londres Percy Lund Humphries 1966
Vydání:4a. ed
Témata:
Tagy: Přidat tag
Žádné tagy, Buďte první, kdo vytvoří štítek k tomuto záznamu!

MARC

LEADER 00000nam a2200000 a 4500
001 UCV8618
003 CL-VaPUC
008 911029e19660000UK |||||||||||||||||eng|d
082 0 4 |a 686.22  |b LUN  |2 21 
245 1 0 |a Lund Humphries desk book 
250 |a 4a. ed 
300 |a 90 p 
942 |c BK 
945 |d 19911029 00:00:00 
260 |a Londres  |b Percy Lund Humphries  |c 1966 
650 7 |a COMPOSICION TIPOGRAFICA  |2 CL-VaPUC  |9 266378 
650 0 |a Tipos (Imprenta)  |9 266376 
583 |a last modification  |c 20180314 14:49:03  |k Rodrigo Vera 
999 |c 214106  |d 214104 
952 |0 0  |1 0  |4 0  |6 686_220000000000000_LUN_1966  |7 0  |8 P  |9 197174  |a BIBARQ  |b BIBARQ  |d 2019-11-14  |i 2648822  |o 686.22 LUN 1966  |p 2648822  |r 2025-01-20  |w 2019-11-14  |y BK  |k ARQ